000 00340 a2200145 4500
005 20250630055403.0
020 _a2-01-168986-4
082 _a445 BLE
100 _aBLUED, E.
245 _aBled Conjugaison,
260 _bHACHETTE Education,
_c2003.
300 _a255p,: ill.; figure
_bIndex
_c22.5cm
700 _aBLED, O.
942 _2ddc
_cBKS
999 _c6445
_d6445